000 00486nam a22001697a 4500
003 OSt
005 20140310181843.0
008 130709t xxu||||| |||| 00| 0 eng d
050 _aQH 541.4
_b.Ec19 1994
082 _aREF 500
_bT48ec 1994
245 _aTime-life's illustrated world of Science :
_becology and the environment. /
260 _aAsia :
_bTime Life,
_c1994.
300 _a151 p. :
_bill. col. ;
_c30 cm.
541 _j1
562 _e1
942 _2lcc
_cBK-GR
_kREF
999 _c5093
_d5093